Statistics for Geographic Groups of Five #2

Click here to take the quiz!

General Stats

  • This quiz has been taken 556 times
  • The average score is 28 of 45

Answer Stats

Hint Answer % Correct
Nordic CountriesNorway
97%
Nordic CountriesDenmark
96%
Nordic CountriesSweden
96%
Nordic CountriesFinland
96%
Permanent Members of UN Security CouncilRussia
94%
Caspian Sea CountriesRussia
94%
Main Germanic LanguagesGerman
94%
Nordic CountriesIceland
93%
States Bordering NevadaCalifornia
92%
Permanent Members of UN Security CouncilUnited States
92%
Permanent Members of UN Security CouncilUnited Kingdom
91%
Permanent Members of UN Security CouncilFrance
89%
Permanent Members of UN Security CouncilChina
86%
States Bordering NevadaArizona
86%
States Bordering NevadaUtah
81%
Most Populous US IslandsPuerto Rico
76%
Inhabited US Overseas TerritoriesPuerto Rico
76%
States Bordering NevadaOregon
76%
Caspian Sea CountriesAzerbaijan
75%
Caspian Sea CountriesKazakhstan
75%
Main Germanic LanguagesEnglish
74%
Caspian Sea CountriesTurkmenistan
72%
Caspian Sea CountriesIran
72%
Main Germanic LanguagesDutch
71%
States Bordering NevadaIdaho
70%
Inhabited US Overseas TerritoriesGuam
67%
French Overseas DepartmentsFrench Guiana
57%
Main Germanic LanguagesSwedish
53%
Currently Produced Boeing PlanesBoeing 747
50%
Currently Produced Boeing PlanesBoeing 737
44%
Inhabited US Overseas TerritoriesUS Virgin Islands
42%
Most Populous US IslandsOahu
40%
Most Populous US IslandsLong Island
38%
Currently Produced Boeing PlanesBoeing 777
38%
Currently Produced Boeing PlanesBoeing 767
37%
Currently Produced Boeing PlanesBoeing 787
36%
Inhabited US Overseas TerritoriesAmerican Samoa
36%
Most Populous US IslandsManhattan
34%
French Overseas DepartmentsMartinique
29%
French Overseas DepartmentsGuadeloupe
27%
Main Germanic LanguagesAfrikaans
25%
Most Populous US IslandsStaten Island
23%
French Overseas DepartmentsReunion
23%
Inhabited US Overseas TerritoriesNorthern Mariana Islands
14%
French Overseas DepartmentsMayotte
11%

Score Distribution

Percentile by Number Answered

Percent of People with Each Score

Your Score History

You have not taken this quiz